000 00349pab a2200145 454500
008 180718b1986 xxu||||| |||| 00| 0 eng d
100 _aRathore, Kumkum
245 _aState trading for socialising economy
260 _c1986
300 _a21-2,24
362 _a16 Apr.
650 _aState Trading Corporation
773 _aYojana
909 _a18526
999 _c18526
_d18526